000 00788nam a2200229Ii 4500
003 JO-AjNU
008 230605s9999||||xx |||||||||||||| ||und||
017 _a1982/3757
020 _a977-103-023-X
040 _aJO-AjNU
_bara
_erda
_cJO-AjNU
041 _aara
050 1 4 _aG151.S5254 1982
100 3 _aالشامى، صلاح الدين علي,
_eauthor
_916201
245 0 0 _aالرحلة: عين الجغرافيا المبصرة في الدراسة الميدانية
264 3 1 _aالاسكندرية: منشآة المعارف، 1982
300 _a301ص
336 _atext
_btxt
_2rdacontent
337 _aunmediated
_bn
_2rdamedia
338 _avolume
_bnc
_2rdacarrier
490 0 _aالكتب الجغرافية؛ 56
650 4 _aالرحلات - الجغرافيا
_916202
999 _aA4749
_c8317
_d8317